000 02201cam a2200433 a 4500
999 _c119543
_d119543
001 3087467
003 BJBSDDR
005 20230805181440.0
006 a|||||r|||| 00| 0
007 ta
008 980227s1998 nyu 000 1 eng
010 _a 98015437
020 _a0375400370
020 _a9780375400377
040 _aDLC
_cDLC
_dDLC
_dOCoLC
_dDLC
_beng
041 _aeng
043 _an-us-me
050 1 4 _aPS 3563
_bM666e 1998
082 0 0 _a813/.54
100 1 _aMinot, Susan,
_d1956-
_930225
245 1 0 _aEvening /
_cSusan Minot.
250 _a1st ed.
260 _aNew York :
_bAlfred A. Knopf :
_bDistributed by Random House,
_c1998.
300 _a264 pages ;
_c25 cm.
440 0 _931848
_aBorzoi books
520 _aDuring a summer weekend on the coast of Maine, at the wedding of her best friend, Ann Grant fell in love. She was twenty-five. Forty years later - after three marriages and five children - Ann Lord finds herself in the dim claustrophobia of illness, careening between lucidity and delirium and only vaguely conscious of the friends and family parading by her bedside, when the memory of that weekend returns to her with the clarity and intensity of a fever-dream. Evening unfolds in the rushlight of that memory, as Ann relives those three vivid days on the New England coast, with motorboats buzzing and bands playing in the night, and the devastating tragedy that followed a spectacular wedding. Here, in the surge of hope and possibility that coursed through her at twenty-five - in a singular time of complete surrender - Ann discovers the highest point of her life.
650 0 _aWomen
_zMaine
_xFiction.
650 4 _aNovela estadounidense
_9203
650 0 _aCancer
_xPatients
_xFiction.
650 0 _aChildren of cancer patients
_xFiction.
650 0 _aLife change events
_xFiction.
650 0 _aReminiscing
_xFiction.
651 0 _aMaine
_xFiction.
655 7 _aLove stories.
_2gsafd
906 _a7
_bcbc
_corignew
_d1
_eocip
_f19
_gy-gencatlg
942 _2lcc
_cBK
987 _bRBSCDRECON
_c20230318
_dr
_fAUTHORITY WORK NEEDED